Govt. of
Madhya Pradesh

Kshitindra Nath Majumdar (Record no. 237)

MARC details
000 -LEADER
fixed length control field 004700000a22001930004500
001 - CONTROL NUMBER
control field 000235
003 - CONTROL NUMBER IDENTIFIER
control field MACL
005 - DATE AND TIME OF LATEST TRANSACTION
control field 20150826133242.0
008 - FIXED-LENGTH DATA ELEMENTS--GENERAL INFORMATION
fixed length control field 150826b xxu||||| |||| 00| 0 eng d
040 ## - CATALOGING SOURCE
Original cataloging agency MACL
Transcribing agency MACL
041 ## - LANGUAGE CODE
Language code of text/sound track or separate title English
082 ## - DEWEY DECIMAL CLASSIFICATION NUMBER
Classification number 745.45/GAN
100 ## - MAIN ENTRY--PERSONAL NAME
Personal name Gangoly, O.C.
9 (RLIN) 7551
245 ## - TITLE STATEMENT
Title Kshitindra Nath Majumdar
Statement of responsibility, etc. O.C. Gangoly
260 ## - PUBLICATION, DISTRIBUTION, ETC. (IMPRINT)
Place of publication, distribution, etc. Allahabad
Date of publication, distribution, etc. 1995
Name of publisher, distributor, etc. Roopship Prakashan,
350 ## - PRICE (NR) (BK AM CF MU VM SE) [OBSOLETE]
Price 150
650 ## - SUBJECT ADDED ENTRY--TOPICAL TERM
Topical term or geographic name as entry element Drawing
9 (RLIN) 7454
942 ## - ADDED ENTRY ELEMENTS (KOHA)
Call number prefix 745
Koha item type Books
Source of classification or shelving scheme
Holdings
Withdrawn status Lost status Source of classification or shelving scheme Damaged status Not for loan Home library Current library Date acquired Cost, normal purchase price Total Checkouts Full call number Barcode Date last seen Uniform Resource Identifier Price effective from Koha item type
          MACL MACL 15/04/2015 150.00   745.45/GAN CRE011681 02/05/2024 235 15/04/2015 Books